00977nam a22002777a 4500003000500000005001700005008004100022010001000063011001000073035001100083040000900094100003400103245014600137260004000283300003800323502007100361530003600432650002400468650002500492650002400517650003000541650001800571650002800589650001800617856006400635CHAP20220329143407.0090218s2008 mx a r 00010 spa d a95924 a96896 a107553 cCHAP1 aLópez Hernández, Adayver.10aDiseño de una planta de tratamiento para embotellar agua, aguas con sabor, sales minerales y edulcorantesc/por Adayver López Hernández aChapingo, Méx. :bEl autor,c2008 a228 h. :bilus., gráfs., tablas aTesis (Ing. en Irrigación) -- UACH. Departamento de Irrigación aTambién disponible en línea14aAguaxPurificacion.14aAguaxUtilización.14aBebidasxIndustria.14aDiseño en ingeniería.14aEdulcorantes.14aProyectos industriales.14aSaborizantes. 3Finding aiduhttp://10.13.5.2/tesis/107553.pdfzTeclea aqui